Southville International School and Colleges
Your cart is empty.
  • Cart
  • Lists
    Public lists Eva Luna New books Lux_list list_1
    Your lists Log in to create your own lists
  • Log in to your account
  • Your cookies
  • Search history
Southville International School and Colleges
  • Advanced search
  • Recent comments
  • Most popular
  • Libraries

Log in to your account

Log in with GOOGLE


If you do not have an external account, but do have a local account, you can still log in:

  1. Home
  2. MARC view: Magic brands :
Normal view MARC view ISBD view

Magic brands : (Record no. 339753)

[ view plain ]
MARC details
000 -LEADER
fixed length control field 00671nam a2200265Ia 4500
008 - FIXED-LENGTH DATA ELEMENTS--GENERAL INFORMATION
fixed length control field 170711s9999 xx 000 0 und d
020 ## - INTERNATIONAL STANDARD BOOK NUMBER
International Standard Book Number 157954452
050 ## - LIBRARY OF CONGRESS CALL NUMBER
Classification number 640
050 ## - LIBRARY OF CONGRESS CALL NUMBER
Item number J796 2001
100 ## - MAIN ENTRY--PERSONAL NAME
Personal name Green, Joey
245 ## - TITLE STATEMENT
Title Magic brands :
245 ## - TITLE STATEMENT
Remainder of title 1185 brand-new uses for brand name products /
245 ## - TITLE STATEMENT
Statement of responsibility, etc by Joey Green.
260 ## - PUBLICATION, DISTRIBUTION, ETC. (IMPRINT)
Place of publication, distribution, etc USA :
260 ## - PUBLICATION, DISTRIBUTION, ETC. (IMPRINT)
Name of publisher, distributor, etc Rodale,
260 ## - PUBLICATION, DISTRIBUTION, ETC. (IMPRINT)
Date of publication, distribution, etc 2001
300 ## - PHYSICAL DESCRIPTION
Extent x, 374 pages :
300 ## - PHYSICAL DESCRIPTION
Other physical details illustrations ;
300 ## - PHYSICAL DESCRIPTION
Dimensions 23cm.
500 ## - GENERAL NOTE
General note Includes bibliographic reference and index.
650 ## - SUBJECT ADDED ENTRY--TOPICAL TERM
Topical term or geographic name as entry element Brand name products --
650 ## - SUBJECT ADDED ENTRY--TOPICAL TERM
Topical term or geographic name as entry element Home economics.
650 ## - SUBJECT ADDED ENTRY--TOPICAL TERM
General subdivision United States.
700 ## - ADDED ENTRY--PERSONAL NAME
Personal name Title.

No items available.

Magic brands :

APA

Green J., Title, .Magic brands. USA: .

Chicago

Green Joey, Title, .Magic brands. USA: .

Harvard

Green J., Title, .Magic brands. USA: .

MLA

Green Joey, Title, .USA: . .

  • Print
  • Cite
  • Add to your cart (remove)
  • Save record
    BIBTEX Dublin Core MARCXML MARC (non-Unicode/MARC-8) MARC (Unicode/UTF-8) MARC (Unicode/UTF-8, Standard) MODS (XML) RIS
  • More searches
    Search for this title in:
    Other Libraries (WorldCat) Other Databases (Google Scholar) Online Stores (Bookfinder.com) Open Library (openlibrary.org)

Exporting to Dublin Core...

SOUTHVILLE LIBRARY

Southville International School and Colleges Library

1281 Tropical Ave. Cor. Luxembourg St., BF Homes International, Las Pinas City

Tel. No. 8256374 / 252358 Loc. 117/146

Powered by Koha